Normal view
MARC view
- Murnaghan, Francis D
Entry Personal Name
001 - CONTROL NUMBER
- control field: 39427
003 - CONTROL NUMBER IDENTIFIER
- control field: NUST
005 - DATE AND TIME OF LATEST TRANSACTION
- control field: 20210314131433.0
008 - FIXED-LENGTH DATA ELEMENTS
- fixed length control field: 210314|| aca||aabn | a|a d
040 ## - CATALOGING SOURCE
- Original cataloging agency: NUST
- Transcribing agency: NUST
100 ## - HEADING--PERSONAL NAME
- Personal name: Murnaghan, Francis D
670 ## - SOURCE DATA FOUND
- Source citation: Work cat.: (NUST): Murnaghan, Francis D., Introduction to applied mathematics., 1948.
